00989 a2200169 4500003000500000005001700005020001500022040000900037082001500046100001700061245010600078250001200184260003700196300001000233505054400243650003200787Nust20221017121109.0 a9698535004 cNust a617.37,HAS aHashmi, M.A. aYour child with a deformity :ba guide to birth defects in children /cDr M.A Hashmi, Dr Sonya Hashmi a1st ed. aIslamabadbMaryah Printersc2000 a318:p aWhat Are Deformities (Page-1), What Causes Deformities (Page-11), Genes and Genetics (Page-29), How do we Inherit Problems (Page-45), Genetic Basis of Common Diseases (Page-61), What can be Done (Page-81), Some New Concepts (Page-101), Genetic Counseling (Page-113), Ethical Considerations (Page-121), Clinical Problems A-B (Page-125), Clinical Problems C-D (Page-144), Clinical Problems E-H (Page-179), Clinical Problems I-L (Page-205), Clinical Problems M-P (Page-221), Clinical Problems Q-T (Page-257), Clinical Problems U-Z (Page-281). aYour Child With A Deformity